Vista normal
Vista MARC
Entrada Meeting Name
Número de registros utilizados en: 1
001 - CONTROL NUMBER
- control field: 8654
003 - CONTROL NUMBER IDENTIFIER
- control field: OSt
005 - DATE AND TIME OF LATEST TRANSACTION
- control field: 20200812124041.0
008 - FIXED-LENGTH DATA ELEMENTS
- fixed length control field: 200812|| aca||aabn | a|a d
040 ## - CATALOGING SOURCE
- Original cataloging agency: OSt
- Transcribing agency: OSt
111 ## - HEADING--MEETING NAME
- Meeting name or jurisdiction name as entry element: Foro sostenibilidad de la seguridad democrática
- Date of meeting or treaty signing: (2005 feb. 23 :
- Location of meeting: Bogotá)
670 ## - SOURCE DATA FOUND
- Source citation: Work cat.: (OSt)0: Foro sostenibilidad de la seguridad democrática (2005 feb. 23 : Bogotá), Sostenibilidad de la seguridad democrática : , 2005.